000 00343nam a2200121Ia 4500
008 220204s9999 xx 000 0 und d
082 _a929 A/Z(GAY)
_bGAY
100 _aGayatri Devi
245 0 _aPrincess remembers: Memoirs of the maharani of Jaipur
260 _aPhiladelphia
_bJ B Lippincott
_c1976
700 _aSantha Rama Rao
942 _cBK
999 _c33261
_d33261